The Law of the sea : (Record no. 3816)

MARC details
000 -LEADER
fixed length control field 01469cam a2200337 a 4500
001 - CONTROL NUMBER
control field 3080447
003 - CONTROL NUMBER IDENTIFIER
control field OSt
005 - DATE AND TIME OF LATEST TRANSACTION
control field 20230704132635.0
008 - FIXED-LENGTH DATA ELEMENTS--GENERAL INFORMATION
fixed length control field 970730s1997 nyu b i000 0 eng d
010 ## - LIBRARY OF CONGRESS CONTROL NUMBER
LC control number 97177577
020 ## - INTERNATIONAL STANDARD BOOK NUMBER
International Standard Book Number 9211335116
035 ## - SYSTEM CONTROL NUMBER
System control number (IaU-L)notisAHT7637
035 ## - SYSTEM CONTROL NUMBER
System control number (OCoLC)37229824
035 ## - SYSTEM CONTROL NUMBER
System control number (CStRLIN)IAULAHT7637-B
040 ## - CATALOGING SOURCE
Original cataloging agency LPU
Transcribing agency LPU
Modifying agency IaU-L
-- DLC
042 ## - AUTHENTICATION CODE
Authentication code lccopycat
082 00 - DEWEY DECIMAL CLASSIFICATION NUMBER
Classification number 341.7
Item number UN
245 04 - TITLE STATEMENT
Title The Law of the sea :
Remainder of title declarations and statements with respect to the United Nations Convention on the Law of the Sea and to the agreement relating to the implementation of part XI of the United Nations Convention on the Law of the Sea of 10 December 1982 /
Statement of responsibility, etc. Division for Ocean Affairs and the Law of the Sea, Office of Legal Affairs.
260 ## - PUBLICATION, DISTRIBUTION, ETC. (IMPRINT)
Place of publication, distribution, etc. New York :
Name of publisher, distributor, etc. United Nations,
Date of publication, distribution, etc. 1997.
300 ## - PHYSICAL DESCRIPTION
Extent xii, 134 p. ;
Dimensions 28 cm.
500 ## - GENERAL NOTE
General note United Nations publication sales no. E.97.V.3"--T.p. verso.
504 ## - BIBLIOGRAPHY, ETC. NOTE
Bibliography, etc Includes bibliographical references.
650 #0 - SUBJECT ADDED ENTRY--TOPICAL TERM
Topical term or geographic name as entry element Law of the sea.
650 #0 - SUBJECT ADDED ENTRY--TOPICAL TERM
Topical term or geographic name as entry element Ocean bottom
General subdivision Law and legislation.
710 2# - ADDED ENTRY--CORPORATE NAME
Corporate name or jurisdiction name as entry element United Nations.
Subordinate unit Division for Ocean Affairs and the Law of the Sea.
730 0# - ADDED ENTRY--UNIFORM TITLE
Uniform title United Nations Convention on the Law of the Sea
Date of treaty signing (1982 December 10)
906 ## - LOCAL DATA ELEMENT F, LDF (RLIN)
a 7
b cbc
c copycat
d 2
e ncip
f 19
g y-gencatlg
942 ## - ADDED ENTRY ELEMENTS (KOHA)
Source of classification or shelving scheme Dewey Decimal Classification
Koha item type Books
Holdings
Withdrawn status Lost status Source of classification or shelving scheme Damaged status Not for loan Home library Current library Date acquired Total Checkouts Full call number Barcode Date last seen Price effective from Koha item type
    Dewey Decimal Classification     County Hall Archives County Hall Archives 07/04/2023   341.7 UN 10009479 07/04/2023 07/04/2023 Books
LIBRARY OPENING HOURS

When the Parliament is sitting: 8.00a.m - 7.00p.m or until the house adjourns
Mondays and Fridays and when the House is on Recess:  8.00a.m - 5.00p.m
Closed on Weekends and Public Holidays

Online Public Access Catalog (OPAC)
Website: http://www.parliament.go.ke
Bunge Library: https://libraryir.parliament.go.ke
Contact: library@parliament.go.ke | Tel no: (254-2)2221291 or 2848000 Ext 5043